000 00621nam a22001937a 4500
003 OSt
005 20250818070427.0
008 250818b |||||||| |||| 00| 0 eng d
020 _a1-59223-410-0.
040 _aDWCL MAIN LIB
_cOC
082 _aCirc. 641.5676 P558j 2005
100 _aDENISE, PHILLIPS
245 _aThe Jewish mama's kitchen :
_bAuthentic homestyle recipes /
_cDENISE, PHILLIPS
260 _aSan Diego, California :
_b Thunder Bay Press,
_c c2005.
300 _a160 pages :
_bcolor illustrations ;
_c21cm.
504 _aIncludes index.
648 _2Jewish cooking.
942 _2ddc
_cBK-CIRC
_kCirc.
_n0
999 _c4024
_d4024